Score 0/24 Timer 05:00
0 Plays Today
Object Type Of % Correct
Pluto, Mars & EarthPlanet
96.6%
Rap, Pop & RockMusic
94.8%
Rye, Flat & BagelBread
87.9%
Lipstick, Foundation & Nail PolishMake Up
87.9%
Cafe au Lait, Americano & FrappeCoffee
84.5%
Romaine, Little Gem & Oak LeafLettuce
82.8%
Shape, Algebra & TrigMath
82.8%
Cap, Fedora & CowboyHat
82.8%
Mineral, Olive & VegetableOil
79.3%
Banana, Carrot & BirthdayCake
77.6%
Voyager, DS9 & Next GerationStar Trek
75.9%
Butterfly, Breast & BackSwimming
74.1%
Object Type Of % Correct
Bitter, Stout & LightBeer
74.1%
Piper Halliwell, Samatha Stephens & SabrinaWitch
70.7%
Catherine Wheel, Rocket & Roman CandleFirework
70.7%
Jet, F16 & SpitfirePlane
63.8%
Orange, Carrot & GrapefruitJuice
51.7%
Lemon, Bull & TigerShark
46.6%
Lymphocyte, Platelets & MonocyteBlood Cell
43.1%
A, B, C, D, E & KVitamin
41.4%
Floor, Nail & CarPolish
39.7%
Dwarf, French Angora & ChinchillaRabbit
36.2%
Cadmium, Lemon & OchreYellow
31%
Shotokan, Shotokai & KyokushinKarate
22.4%
Remove Ads.
Support Sporcle.
Get the best of Sporcle when you Go Orange. This ad-free experience offers more features, more stats, and more fun while also helping to support Sporcle. Thank you for becoming a member.

You're not logged in!

Compare scores with friends on all Sporcle quizzes.
OR
Log In

Show Comments

Extras

Created Dec 1, 2010ReportNominate
Tags:object

Top Quizzes Today


Score Distribution

Your Account Isn't Verified!

In order to create a playlist on Sporcle, you need to verify the email address you used during registration. Go to your Sporcle Settings to finish the process.

Report this User

Report this user for behavior that violates our Community Guidelines.

Details: